Normal view
MARC view
- Marketing.
Entry Topical Term
001 - CONTROL NUMBER
- control field: 49581
003 - CONTROL NUMBER IDENTIFIER
- control field: OSt
005 - DATE AND TIME OF LATEST TRANSACTION
- control field: 20231010095431.0
008 - FIXED-LENGTH DATA ELEMENTS
- fixed length control field: 231010|| aca||aabn | a|a d
040 ## - CATALOGING SOURCE
- Original cataloging agency: OSt
- Transcribing agency: OSt
150 ## - HEADING--TOPICAL TERM
- Topical term or geographic name entry element: Marketing.
670 ## - SOURCE DATA FOUND
- Source citation: Work cat.: (OSt): Najib, Mukhamad. author. 49580, The role of innovation, entrepreneurial self-efficacy and local uniqueness on marketing performance in small and medium-sized restaurants /, November-December 2020.
